<?xml version="1.0" encoding="UTF-8"?>
<marc:record xmlns:marc="http://www.loc.gov/MARC21/slim">
   <marc:leader>00000nam a2200000 a 4500</marc:leader>
   <marc:datafield ind1="1" ind2=" " tag="100">
      <marc:subfield code="a">Sendker, Jan-Philipp</marc:subfield>
      <marc:subfield code="4">aut</marc:subfield>
      <marc:subfield code="e">Verfasser/-in</marc:subfield>
   </marc:datafield>
   <marc:datafield ind1="0" ind2="0" tag="245">
      <marc:subfield code="a">Herzenstimmen</marc:subfield>
   </marc:datafield>
   <marc:datafield ind1="0" ind2="0" tag="245">
      <marc:subfield code="c">Jan-Philipp Sendker</marc:subfield>
   </marc:datafield>
   <marc:datafield ind1=" " ind2="1" tag="264">
      <marc:subfield code="a">München</marc:subfield>
      <marc:subfield code="b">Random House Audio</marc:subfield>
      <marc:subfield code="c">2012</marc:subfield>
   </marc:datafield>
   <marc:datafield ind1="1" ind2=" " tag="520">
      <marc:subfield code="a">Angaben aus der Verlagsmeldung

Herzenstimmen / von Jan-Philipp Sendker

Eine magische Liebesgeschichte!

Mit „Herzenhören” hat Jan-Philipp Sendker eine universelle Liebesgeschichte geschrieben. „Herzenstimmen” erzählt diese weiter, als Julia zehn Jahre später einen Brief von U Ba erhält, ihrem Halbbruder aus Burma. Sie hört seitdem eine weibliche Stimme, die quälende Fragen stellt. Julia glaubt bereits den Verstand zu verlieren, bis ihr klar wird, dass nur U Ba ihr helfen kann ...
(5 CDs)

</marc:subfield>
   </marc:datafield>
   <marc:datafield ind1=" " ind2=" " tag="020">
      <marc:subfield code="a">9783837115642</marc:subfield>
      <marc:subfield code="9">9783837115642</marc:subfield>
   </marc:datafield>
   <marc:datafield ind1=" " ind2=" " tag="300">
      <marc:subfield code="a">5 CDs (ca. 381 Min.)</marc:subfield>
   </marc:datafield>
</marc:record>
